000 00822nas a2200265 4500
001 BR9206370
003 BR-BrBNA
005 20231205092917.0
007 ta
008 230509b bl.|||p| |||| 00| 00por d
040 _aBR-BrBNA
_bpor
_cBiblioteca Nacional de Agricultura
041 _a(Pt)
072 _aL73
100 1 _aViana, F.C.
100 1 _aSilva, J.A. da
100 1 _aMoreira, E.C.
100 1 _aRebelo, R.M.
245 1 _aAvaliacao de testes sorologicos no diagnostico de brucelose bovina cronica
650 _aBOVINO
650 _aBRUCELOSE
650 _aDIAGNOSTICO
773 0 _tArquivos da Escola de Veterinaria da Universidade Federal de Minas Gerais (Brazil)
_xISSN 0365-8384
_g(Aug 1981), v. 33(2) p. 277-285
_wBR9206370
909 _a202311
_bLúcia
_c55
_dLúcia Elande
942 _2AGRIS
_n0
_cANA
999 _c135055
_d135055